Daisy and the trouble with life / (Record no. 3479)

MARC details
000 -LEADER
fixed length control field 01766nam a22002297a 4500
001 - CONTROL NUMBER
control field 3479
003 - CONTROL NUMBER IDENTIFIER
control field FISKH
005 - DATE AND TIME OF LATEST TRANSACTION
control field 20240312112923.0
008 - FIXED-LENGTH DATA ELEMENTS--GENERAL INFORMATION
fixed length control field 240312b cb ||||| |||| 00| 0 eng d
040 ## - CATALOGING SOURCE
Original cataloging agency FISK
Language of cataloging eng
Transcribing agency FISK
Modifying agency FISK
082 ## - DEWEY DECIMAL CLASSIFICATION NUMBER
Classification number 823.92
100 ## - MAIN ENTRY--PERSONAL NAME
Personal name Gray Kes
Dates associated with a name 1960-
245 ## - TITLE STATEMENT
Title Daisy and the trouble with life /
260 ## - PUBLICATION, DISTRIBUTION, ETC.
Place of publication, distribution, etc. London :
Name of publisher, distributor, etc. Random house children's publishers UK,
Date of publication, distribution, etc. 2007
300 ## - PHYSICAL DESCRIPTION
Extent 201 pages :
Dimensions 22 cm
505 ## - FORMATTED CONTENTS NOTE
Formatted contents note H
520 ## - SUMMARY, ETC.
Summary, etc. In Daisy's guide to life, nothing is quite black and white. The trubble with life is it's sooooooo not fair. The trouble with Mums is that you can't swap them for other mums when you need to. And the trouble with being grounded is it's sooooooo boring. You absolutely can't go anywhere at all. No hopping jumping, flying or parachuting...Daisy's got ever so much time to think about what she's done. Really, it wasn't her fault. If her pocket money hadn't run out, and if someone hadn't dropped a strawberry dib-dab on the pavement and if strawberry dib-dabs weren't Daisy's absolutely favourite sweet... Who knew that it had invisible red germs that are so totally teensy and that Auntie Sue says give you tummy trouble?Daisy's trips to the loo are interspersed with hilarious musings about the trouble with everything, from her goldfish Freddie who thinks it's a dolphin, to playing nicely at Gabby's house, to the school name-caller Jack Beechwhistle, to remote control cars and hosepipes that don't do as they're told.Now, if only Daisy can find a word to rhyme with hippopotamus, she and Gabby can magic next door's cat into a hippo. When she's un-grounded and off the loo, of course...
521 8# - TARGET AUDIENCE NOTE
Target audience note estimates,
Source Lexiles
700 ## - ADDED ENTRY--PERSONAL NAME
Personal name Kes Gray
942 ## - ADDED ENTRY ELEMENTS (KOHA)
Source of classification or shelving scheme Dewey Decimal Classification
Koha item type Books
Suppress in OPAC No
Holdings
Withdrawn status Lost status Source of classification or shelving scheme Damaged status Not for loan Collection Home library Current library Shelving location Date acquired Total Checkouts Full call number Barcode Date last seen Copy number Price effective from Koha item type
    Dewey Decimal Classification     Fiction Footprints International School Library Network Toul Kork Campus Footprints International School Library Network Toul Kork Campus   03/12/2024   GRA 823.92 2024-0300 04/10/2025 1 03/12/2024 Books